| 000 | 00000nam##2200000za#4500 |
| 001 | 9.643135 |
| 003 | CaOODSP |
| 005 | 20210624224029 |
| 007 | cr ||||||||||| |
| 008 | 150407|2007||||xxc|||||o f|0| 0 fre|d |
| 040 | |aCaOODSP|bfre |
| 043 | |an-cn--- |
| 086 | 1 |aCH4-161/2007F-PDF |
| 110 | 1 |aCanada. |bPatrimoine canadien. |
| 245 | 10|aRapport final - sondage sur la satisfaction des clients de Routes commerciales / |h[ressource électronique]|c[préparé par] Phoenix Strategic Perspectives Inc. |
| 246 | 17|aProgramme Routes commerciales – Sondage de 2007 sur la satisfaction |
| 260 | |aOttawa - Ontario : |bPatrimoine canadien |cDécembre 2007. |
| 300 | |a272p.|bfigures, graphiques, tableaux |
| 500 | |a«Numéro de la ROP : ROP-155-07 Numéro de contrat : C1111-070401-001/CY Date d'attribution : 6 septembre 2007 Fin du travail sur le terrain : 16 novembre 2007» |
| 590 | |a14-07-Supp|b2014-04-03 |
| 691 | 07|aCommerce extérieur|2gcpds |
| 775 | 08|tFinal report - Trade Routes client satisfaction survey / |w(CaOODSP)9.699143 |
| 856 | 40|ahttp://publications.gc.ca|qPDF|s1.45 Mo|uhttps://publications.gc.ca/collections/collection_2014/pc-ch/CH4-161-2007-fra.pdf |